000
00298nam a2200097Ia 4500
005
20250424112819.0
008
250424s9999 xx 000 0 und d
300
_a
89 p. :ill. ; 25 cm.
650
_a
Economic development--Nigeria--Periodicals. Nigeria--Economic conditions--Periodicals.
942
_c
SR
999
_c
37283
_d
37283